| 000 | 01434nam a2200337 c 4500 | ||
|---|---|---|---|
| 003 | BLK | ||
| 005 | 20180422112349.0 | ||
| 008 | 180409b bul|||||r ||||||| ||bul|| | ||
| 010 | _aKNG00147909000 | ||
| 040 | _aBLK | ||
| 041 |
_aBUL _cBUL |
||
| 080 |
_aБългарска литература _b821.163.2 _x-93-32 _z821.163.2-93-32 |
||
| 100 | 1 |
_aСлавински, Петър _eпърви автор _gЧолаков, Петър Атанасов _9309667 |
|
| 700 | 1 |
_aДъбова, Златка Иванова _eхудож. _9376311 |
|
| 700 | 1 |
_aЧолаков, Петър Атанасов _e* _9327431 |
|
| 139 |
_aСлавински, Петър _bС 43 |
||
| 245 | 1 | 0 |
_aВечните огньове _bРазказ _cПетър Славински; худож. Златка Иванова Дъбова; * Петър Атанасов Чолаков. |
| 257 | _aBGR | ||
| 260 |
_аСофия _bНар. младеж _c1960 |
||
| 300 |
_a32 с. _bс ил. _c17Х25 см |
||
| 380 | _aDX | ||
| 490 | 1 |
_aБиблиотека Дружинка _v№ 6 |
|
| 500 | _aПълното име на авт. Петър Атанасов Чолаков. - 30 100 тир. | ||
| 653 | _aлитература за деца | ||
| 653 | _aдетска литература | ||
| 852 | _aЦб І 34963 | ||
| 856 | 4 |
_qpdf _u |
|
| 856 | 4 |
_qpdf _u |
|
| 942 |
_cKNG _n0 |
||
| 944 |
_aCR _c31.07.2013 _lф / 31.07.2013 _kЛюсиена_Милчева |
||
| 944 |
_aED _c31.07.2013 _lф / 31.07.2013 _k |
||
| 999 |
_c141834 _d141834 |
||